Countries Bordering Mali and Guinea - Statistics

General Stats
  • This quiz has been taken 24 times
  • The average score is 8 of 9
Answer Stats
Bordering Country % Correct
Mali Algeria
100%
Guinea Guinea-Bissau
100%
Mali Burkina Faso
91%
Guinea Liberia
91%
Mali Mauritania
91%
Mali & Guinea Senegal
91%
Guinea Sierra Leone
91%
Mali Niger
86%
Mali & Guinea Ivory Coast
82%
No matching quizzes found
Score Distribution
Percent of People with Each Score
Percentile by Number Answered
Your Score History
You have not taken this quiz